书目信息 |
| 题名: |
可编程控制器技术教程
|
|
| 作者: | 吕景泉 主编 | |
| 分册: | ||
| 出版信息: | 北京 高等教育出版社 2001.7 |
|
| 页数: | 204页 | |
| 开本: | 26cm | |
| 丛书名: | ||
| 单 册: | ||
| 中图分类: | TP332.3-43 | |
| 科图分类: | ||
| 主题词: | 电子数字计算机 | |
| 电子资源: | ||
| ISBN: | 7-04-009955-1 | |
| 000 | 00590nam0 2200193 45 | |
| 001 | 0235490318 | |
| 005 | 2002061109512944 | |
| 010 | @a7-04-009955-1@dRMB 11.70 | |
| 100 | @a20020611d2001 km y0chiy0120 ea | |
| 101 | 0 | @achi |
| 102 | @aCN@b110000 | |
| 200 | 1 | @a可编程控制器技术教程@AKe Bian Cheng Kong Zhi Qi Ji Shu Jiao Cheng@f吕景泉主编@Flu jing quan zhu bian |
| 210 | @a北京@c高等教育出版社@d2001.7 | |
| 215 | @a204页@d26cm | |
| 606 | 0 | @a电子数字计算机 |
| 690 | @aTP332.3-43@v3 | |
| 701 | 0 | @a吕景泉@Alu jing quan@4主编 |
| 801 | 0 | @aCN@bPFT@c20020611 |
| 905 | @a安徽大学@dTP332.3-43@eL890 | |
| 可编程控制器技术教程/吕景泉主编.-北京:高等教育出版社,2001.7 |
| 204页;26cm |
| ISBN 7-04-009955-1:RMB 11.70 |
| ● |
| 相关链接 |
|
|
|
正题名:可编程控制器技术教程
索取号:TP332.3-43/L890
 
预约/预借
| 序号 | 登录号 | 条形码 | 馆藏地/架位号 | 状态 | 备注 |
| 1 | 363455 | 203634558 | 自科库301/301自科库 61排5列3层/ [索取号:TP332.3-43/L890] | 在馆 | |
| 2 | 363456 | 203634567 | 自科二线404/301自科库 55排2列2层/ [索取号:TP332.3-43/L890] | 在馆 | |
| 3 | 363457 | 203634576 | 自科库301/301自科库 61排5列3层/ [索取号:TP332.3-43/L890] | 在馆 |